Environmental problems : behavioral solutions

Αποθηκεύτηκε σε:
Λεπτομέρειες βιβλιογραφικής εγγραφής
Κύριος συγγραφέας: Cone, John D. 1942-
Άλλοι συγγραφείς: Hayes, Steven
Μορφή: Βιβλίο
Γλώσσα:English
Δημοσίευση: Monterey, California : Brooks - Cole, 1980
Σειρά:Brooks/Cole basic concepts in environment and behavior series
Θέματα:
Ετικέτες: Προσθήκη ετικέτας
Δεν υπάρχουν, Καταχωρήστε ετικέτα πρώτοι!

MARC

LEADER 00000nam a2200000 i 4500
001 1/30497
008 961106s1980 eng d
020 |a 0521319730 
035 |l 10023413 
040 |a GR-MY-UA  |b gre  |e aacr 
041 0 |a eng 
082 0 |a 363.70019 
100 1 |a Cone, John D.  |d 1942- 
245 1 0 |a Environmental problems : behavioral solutions 
260 |a Monterey, California :   |b Brooks - Cole,   |c 1980 
300 |a 284 p. 
490 1 |a Brooks/Cole basic concepts in environment and behavior series 
650 0 0 |a Environmental psychology. 
650 0 0 |a Behavior modification. 
700 1 |a Hayes, Steven. 
830 0 |a Brooks/Cole basic concepts in environment and behavior series 
852 |a INST  |b CHIOS  |e 19961106  |h 363.70019 CON  |p 005200011040  |q 005200011040  |t BK  |y 0 
909 |a Χ  |b 001631